| 000 | 00610nam a2200193Ia 4500 | ||
|---|---|---|---|
| 003 | GCL | ||
| 008 | 140319s9999 xx 000 0 ara d | ||
| 040 |
_aGCL / _cGCL |
||
| 082 | 0 | 4 |
_aق _b962.3 _bم ك |
| 100 | 1 | _aمحيى الدين عبداللطيف ابراهيم | |
| 245 | 1 | 0 |
_aكوم امبو (هدية من الاديب عبدالفتاح الجمل) / _cمحيى الدين عبداللطيف ابراهيم |
| 300 | _a144 ص | ||
| 490 | _a | ||
| 650 | 0 | 4 | _aالاثار الفرعونية |
| 650 | 0 | 4 | _aالمعابد |
| 650 | 0 | 4 | _aكوم امبو |
| 650 | 0 | 4 | _aالاعمدة |
| 942 |
_2ddc _cBK |
||
| 999 |
_c39587 _d39587 |
||